00209nam a2200085Ia 4500008004100000041000800041100001900049245004600068260000900114230508s1994 xx 000 0 und d aeng aLEVENTHAL L.A. a8080A/8085 ASSEMBLY LANGUAGE PROGRAMMING. c1994